[Event "ACT-ch"]
[Site "Canberra"]
[Date "2017.03.12"]
[Round "5"]
[White "Ingham, Glenn"]
[Black "Luo, Ramon"]
[Result "1-0"]
[WhiteElo "1717"]
[BlackElo "1395"]
[PlyCount "129"]
[EventDate "2017.03.10"]
[EventType "swiss"]
[EventRounds "7"]
[EventCountry "AUS"]
[SourceTitle "EXT 2023"]
[Source "ChessBase"]
[SourceDate "2022.10.05"]
[SourceVersion "1"]
[SourceVersionDate "2022.10.05"]
[SourceQuality "1"]

1. d4 d5 2. Bf4 Nf6 3. Nf3 Nc6 4. e3 a6 5. c4 Bg4 6. Nc3 e6 7. Be2 Bd6 8. Bxd6 cxd6 9. Qb3 dxc4 10. Qxc4 d5 11. Qb3 Rb8 12. 0-0 Ne4 13. Qc2 Nb4 14. Qa4+ Nc6 15. Rfe1 0-0 16. a3 b5 17. Qd1 Ne7 18. h3 Bh5 19. Nxe4 dxe4 20. Ng5 Bxe2 21. Qxe2 h6 22. Nxe4 Rc8 23. Rac1 Qd5 24. Nc5 Qd6 25. b4 Nd5 26. Qf3 e5 27. dxe5 Qxe5 28. Nd7 Rxc1 29. Rxc1 Qb2 30. Rc5 Nf6 31. Nxf8 Kxf8 32. Rc8+ Ke7 33. Qb7+ Nd7 34. Qe4+ Qe5 35. Qxe5+ Nxe5 36. Ra8 Nc4 37. Rxa6 f6 38. a4 Nd6 39. axb5 Nxb5 40. Ra5 Nd6 41. Kf1 Nc4 42. Ra7+ Kf8 43. Ke2 Ne5 44. b5 Ke8 45. b6 Nc6 46. b7 Kd8 47. b8Q+ Nxb8 48. Rxg7 Nc6 49. Kd3 Ne5+ 50. Ke4 Ke8 51. f4 Nf7 52. Kf5 Ke7 53. Kg6 Ke6 54. Rxf7 Kd6 55. Rxf6+ Kc7 56. Kxh6 Kd7 57. g4 Ke7 58. Kg6 Kd7 59. h4 Kc7 60. h5 Kb7 61. h6 Kc7 62. h7 Kb7 63. h8Q Kc7 64. Qh7+ Kd8 65. Rf8# 1-0

[Event "ACT-ch"]
[Site "Canberra"]
[Date "2017.03.12"]
[Round "6"]
[White "Luo, Ramon"]
[Black "Luo, Ricky"]
[Result "1-0"]
[WhiteElo "1395"]
[BlackElo "1497"]
[PlyCount "25"]
[EventDate "2017.03.10"]
[EventType "swiss"]
[EventRounds "7"]
[EventCountry "AUS"]
[SourceTitle "EXT 2023"]
[Source "ChessBase"]
[SourceDate "2022.10.05"]
[SourceVersion "1"]
[SourceVersionDate "2022.10.05"]
[SourceQuality "1"]

1. e4 e5 2. Nf3 Nc6 3. Bc4 Bc5 4. c3 Nge7 5. d4 exd4 6. cxd4 Bb4+ 7. Bd2 Bxd2+ 8. Nbxd2 d6 9. Qb3 0-0 10. Ng5 d5 11. exd5 Na5 12. Qc2 Nxc4 13. Qxh7# 1-0

[Event "ACT-ch"]
[Site "Canberra"]
[Date "2016.02.20"]
[Round "7"]
[White "Tobler, Peter"]
[Black "Luo, Ramon"]
[Result "1-0"]
[WhiteElo "1046"]
[BlackElo "677"]
[PlyCount "121"]
[EventDate "2016.02.12"]
[EventType "swiss"]
[EventRounds "9"]
[EventCountry "AUS"]
[SourceTitle "CBM 171 Extra"]
[Source "ChessBase"]
[SourceDate "2016.04.26"]
[SourceVersion "1"]
[SourceVersionDate "2016.04.26"]
[SourceQuality "1"]

1. d4 d5 2. c4 e6 3. Nf3 Nf6 4. Nc3 Nc6 5. Bg5 Be7 6. e3 0-0 7. a3 h6 8. Bf4 Bd6 9. Bxd6 cxd6 10. cxd5 Nxd5 11. Nxd5 exd5 12. b4 a6 13. Qb3 Be6 14. g3 b5 15. Bg2 a5 16. 0-0 a4 17. Qa2 Qf6 18. Nh4 Ne7 19. f4 Nf5 20. Nxf5 Qxf5 21. h3 Rac8 22. Rac1 Qd3 23. Kf2 Rfe8 24. Rfd1 Qb3 25. Qxb3 axb3 26. Rb1 Rc2+ 27. Kf3 b2 28. g4 f5 29. Bf1 Rec8 30. Bxb5 fxg4+ 31. hxg4 g5 32. f5 Bf7 33. Rd3 h5 34. gxh5 Bxh5+ 35. Kg3 Rf8 36. Bd7 Re2 37. Rb3 Kg7 38. R1xb2 Re1 39. b5 Be8 40. Bxe8 Rxe8 41. Kf2 Rc1 42. b6 Rcc8 43. b7 Rb8 44. a4 Rf8 45. Kg3 Rxf5 46. a5 Rf7 47. a6 Rc7 48. a7 Rd8 49. a8Q Rxa8 50. bxa8Q Kf6 51. Qd8+ Re7 52. Rb7 Kg6 53. Qxe7 g4 54. Qg7+ Kf5 55. Rf2+ Ke4 56. Re7+ Kd3 57. Qg6+ Kc4 58. Qc2+ Kb5 59. Rb7+ Ka6 60. Qc6+ Ka5 61. Ra2# 1-0